000 00378nam a2200145Ia 4500
008 151213s9999 xx 000 0 und d
100 _aW. H. Davedson
245 _aManaging The Global Corporation
_cW. H. Davedson
260 _aNew York
_bThe Mc Graw Hill
_c1989
300 _a2732 p.
650 _aMarketing
650 _aMarketing
700 _aW. H. Davedson
999 _c1843
_d1843